| 000 | 00678nam a2200181 i 4500 | ||
|---|---|---|---|
| 001 | 24871 | ||
| 003 | ES-MaACL | ||
| 005 | 20250829062537.0 | ||
| 007 | t| | ||
| 008 | 021219s1944 ag ||||1| spa d | ||
| 245 | 0 | 0 |
_aAntología de poetas franceses contemporáneos / _cselección y traducción en verso, con opiniones, notas y noticias bibliográficas por Edmundo Bianchi ; prólogo de Andre Maurois. |
| 260 |
_aBuenos Aires : _bHachette, _c[1944] ( _fTalleres Gráficos Rodríguez Siles y Cía.) |
||
| 300 |
_a549 p. ; _c24 cm. |
||
| 700 | 1 |
_aBianchi, Edmundo. _928741 |
|
| 700 | 1 |
_aMaurois, André, _d1885-1967 _979267 |
|
| 852 |
_aES-MaACL _jB-10182 |
||
| 999 |
_c24871 _d24871 |
||